| 000 | 00384nam a2200145Ia 4500 | ||
|---|---|---|---|
| 008 | 231129s2004||||xx |||||||||||||| ||spa|| | ||
| 020 | _a958-8061-58-X | ||
| 040 | _bspa | ||
| 082 | _a(i) 808.068543 M214s | ||
| 100 | _aMahy Margaret | ||
| 245 | 0 | _aEl secuestro de la bibliotecaria | |
| 260 | _c2004 | ||
| 264 | _aAlfaguara | ||
| 942 |
_2ddc _cBKS |
||
| 999 |
_c12388 _d12388 |
||